| 000 | 00679nam a2200265Ia 4500 | ||
|---|---|---|---|
| 001 | 7997 | ||
| 005 | 20240113234045.0 | ||
| 007 | ta | ||
| 008 | 170602s 196 ii a g b000 u 465 u | ||
| 020 | _cHB | ||
| 040 | _aCotton College,Assam | ||
| 041 | _aeng | ||
| 082 |
_a581.87 _bAl 52 Pr |
||
| 100 | _aAllard, R.W. . | ||
| 245 | 0 |
_aPrinciples of Plant Breeding / _cR.W. Allard. _hTextual Documents |
|
| 260 |
_aNew York : _bJohn Wiley & Sons , _cC 1960. |
||
| 300 |
_axi, 485p. : _bill ; _c21cm. . |
||
| 504 | _aIndex | ||
| 653 | _aBotany | ||
| 653 | _aPlant Breeding | ||
| 653 | _aBreeding, Plant | ||
| 942 |
_2ddc _cBK |
||
| 999 |
_c7984 _d7984 |
||